Wessex painting and decorating price book (Record no. 110629)

MARC details
000 -LEADER
fixed length control field 01098cam a22002775a 4500
001 - CONTROL NUMBER
control field E149801
008 - FIXED-LENGTH DATA ELEMENTS--GENERAL INFORMATION
fixed length control field 100428s2010 xxkd f 001 0 eng d
020 ## - INTERNATIONAL STANDARD BOOK NUMBER
International Standard Book Number 9781907196003
035 ## - SYSTEM CONTROL NUMBER
System control number (Sirsi) u149801
041 0# - LANGUAGE CODE
Language code of text/sound track or separate title eng
050 04 - LIBRARY OF CONGRESS CALL NUMBER
Classification number 692.5 $2 18
110 2# - MAIN ENTRY--CORPORATE NAME
Corporate name or jurisdiction name as entry element Building Cost Information Service
9 (RLIN) 1096
245 00 - TITLE STATEMENT
Title Wessex painting and decorating price book
Remainder of title 2010
250 ## - EDITION STATEMENT
Edition statement 17th ed.
260 ## - PUBLICATION, DISTRIBUTION, ETC.
Place of publication, distribution, etc. Poole
Name of publisher, distributor, etc. BCIS
Date of publication, distribution, etc. 2009
300 ## - PHYSICAL DESCRIPTION
Extent v, 176p.
Dimensions 19cm.
350 ## - PRICE (NR) (BK AM CF MU VM SE) [OBSOLETE]
Price 39
520 ## - SUMMARY, ETC.
Summary, etc. Provides guide prices for for painting and decoration in new buildings and for redecoration in existing properties. The rates are presented in the following sections: basic rates; new internal work; new external work; wall coverings; internal redecoration; external redecoration; and composite prices. Prices revised and current as to December 2009.
520 ## - SUMMARY, ETC.
Summary, etc. Supersedes 16th ed. (ISBN 9781904829898).
521 ## - TARGET AUDIENCE NOTE
Target audience note Advanced
590 ## - LOCAL NOTE (RLIN)
Local note KA
651 #4 - SUBJECT ADDED ENTRY--GEOGRAPHIC NAME
Geographic name United Kingdom
Chronological subdivision
690 ## - LOCAL SUBJECT ADDED ENTRY--TOPICAL TERM (OCLC, RLIN)
Topical term or geographic name as entry element BUILT ENVIRONMENT-BUILDING MAINTENANCE AND REFURBISHMENT-MAINTENANCE COSTS
942 ## - ADDED ENTRY ELEMENTS (KOHA)
Suppress in OPAC 0
Holdings
Withdrawn status Lost status Source of classification or shelving scheme Damaged status Not for loan Home library Current library Shelving location Date acquired Total Checkouts Full call number Barcode Date last seen Copy number Price effective from Koha item type
    Dewey Decimal Classification     London London RICS Boxes 30/07/2010   RICS 2010/8 30075440 06/08/2019 1 06/08/2019 Archive
    Dewey Decimal Classification     London London Reference copy 30/07/2010   692.5 BUI 30075441 06/08/2019 1 06/08/2019 Book
    Dewey Decimal Classification     London London Books 30/07/2010   692.5 BUI 30075442 06/08/2019 2 06/08/2019 Book
    Dewey Decimal Classification     London London Basement 30/07/2010   692.5 BUI 30075443 06/08/2019 3 06/08/2019 Book